| 000 | 00867nam a2200301Ia 4500 | ||
|---|---|---|---|
| 003 | OSt | ||
| 005 | 20220912150110.0 | ||
| 006 | a|||||r|||| 00| 0 | ||
| 007 | ta | ||
| 008 | 220909b |||||||| |||| 00| 0 eng d | ||
| 020 | _a9814058262 (pbk) | ||
| 024 | _a7314 | ||
| 037 | _bGovinda, | ||
| 037 | _cTextual | ||
| 040 |
_aCSL _beng _cCSL |
||
| 041 | _aeng | ||
| 082 | _aD65,8(B):715, P0 | ||
| 100 | _aAmor Daniel | ||
| 245 | 0 | _aThe E-business (R)evolution: living and working in an interconnected world | |
| 260 |
_aNew Jersey _b Prentice Hall P T R _c2000 |
||
| 300 |
_axxxii,636p. _ccm. |
||
| 500 |
_aAppendix A-C, 591-623p; Index 624-636p. _ccm. |
||
| 650 | _a Electronic commerce | ||
| 650 | _a Internet | ||
| 650 | _aComputer science | ||
| 942 |
_hD65,8(B):715, P0 _cTEXL _2CC |
||
| 999 |
_c39610 _d39610 |
||